مكتبة جامعة عجلون الوطنية

فهرس بحث المكتبة

أثر إعادة هندسة عمليات الأعمال في الاستدامة التنظيمية : دراسة حالة شركة مياه الأردن (مياهنا) = The Impact of Business Process Reengineering on Organizational Sustainability : A Case Study of Jordan Water Company (Miyahuna) / (Record no. 33993)

MARC details
000 -LEADER
fixed length control field 01252nam a22002057a 4500
003 - CONTROL NUMBER IDENTIFIER
control field JO-AjAnu
005 - DATE AND TIME OF LATEST TRANSACTION
control field 20250929132912.0
008 - FIXED-LENGTH DATA ELEMENTS--GENERAL INFORMATION
fixed length control field 250928b jo ||||| |||| 00| 0 ara d
040 ## - CATALOGING SOURCE
Original cataloging agency JO-AjAnu
Language of cataloging ara
Transcribing agency JO-AjAnu
Modifying agency JO-AjAnu
Description conventions rda
041 #0 - LANGUAGE CODE
Language code of text/sound track or separate title ara
Language code of original ara
050 ## - LIBRARY OF CONGRESS CALL NUMBER
Classification number HD37
Item number 2025
100 #1 - MAIN ENTRY--PERSONAL NAME
Personal name الشريدة، عبدالله صالح صالح
Relator term معد
9 (RLIN) 66665
245 #0 - TITLE STATEMENT
Title أثر إعادة هندسة عمليات الأعمال في الاستدامة التنظيمية : دراسة حالة شركة مياه الأردن (مياهنا) = The Impact of Business Process Reengineering on Organizational Sustainability : A Case Study of Jordan Water Company (Miyahuna) /
Statement of responsibility, etc. اعداد عبدالله صالح صالح الشريدة ؛ اشراف أمجد فهد نهار الطويقات
260 ## - PUBLICATION, DISTRIBUTION, ETC.
Date of publication, distribution, etc. 2025
300 ## - PHYSICAL DESCRIPTION
Extent 88 ورقة
504 ## - BIBLIOGRAPHY, ETC. NOTE
Bibliography, etc. note رسالة جامعية(رسالة ماجستير في ادارة الاعمال) - جامعة عجلون الوطنية(عجلون، الاردن) كلية الاعمال، قسم ادارة الاعمال، 2025.
650 70 - SUBJECT ADDED ENTRY--TOPICAL TERM
Topical term or geographic name entry element التطوير الاداري - شركة مياه الاردن.
9 (RLIN) 66666
700 #1 - ADDED ENTRY--PERSONAL NAME
Personal name الطويقات، امجد فهد نهار
Relator term مشرف
9 (RLIN) 66559
942 ## - ADDED ENTRY ELEMENTS (KOHA)
Source of classification or shelving scheme Library of Congress Classification
Koha item type Thesis
Suppress in OPAC No
Holdings
Withdrawn status Lost status Source of classification or shelving scheme Damaged status Not for loan Home library Current library Date acquired Total Checkouts Full call number Barcode Date last seen Price effective from Koha item type
    Library of Congress Classification     مكتبة جامعة عجلون الوطنية مكتبة جامعة عجلون الوطنية 28/09/2025   HD37 2025 a30374 28/09/2025 28/09/2025 Thesis
    Library of Congress Classification     مكتبة جامعة عجلون الوطنية مكتبة جامعة عجلون الوطنية 28/09/2025   HD37 2025 a30373 28/09/2025 28/09/2025 Thesis